000 006510000a22001810004500
003 MACL
005 20160608134449.0
008 160608b xxu||||| |||| 00| 0 eng d
040 _aMACL
_cMACL
041 _aHindi
082 _a920
100 _aश्री परांजपे, नरहर रामचन्‍द्र
_963053
245 _aश्रीरामकृष्‍णलीलामृत
_cश्री नरहर रामचन्‍द्र परांजपे
260 _bरामकृष्‍ण मठ
_c2005
_aनागपुर
350 _a75
650 _aBiography
_963054
942 _cHIN
_k920/PAR
_2ddc
999 _c18853
_d18853